| Tag |
First Indicator |
Second Indicator |
Subfields |
| LEADER |
00000cam a2200000 i 4500 |
| 001 |
in00004345708 |
| 005 |
20210422110334.0 |
| 006 |
m o d |
| 007 |
cr |n||||||||| |
| 008 |
190306t20192019maua ob 001 0 eng d |
| 020 |
|
|
|a 9781642652192 (pbk.)
|
| 020 |
|
|
|a 1642652199 (pbk.)
|
| 035 |
|
|
|a (MnSgEFL)CCE19500513
|
| 040 |
|
|
|a MnSgEFL
|b eng
|e rda
|c MnSgEFL
|d UtOrBLW
|
| 043 |
|
|
|a n-us---
|
| 082 |
1 |
4 |
|a 363.5
|2 15
|
| 245 |
0 |
0 |
|a Affordable housing.
|
| 264 |
|
1 |
|a [Ipswich, Mass.] :
|b EBSCO Information Services, Incorporated ;
|a Amenia, NY :
|b Grey House Publishing,
|c [2019]
|
| 264 |
|
4 |
|c copyright 2019
|
| 300 |
|
|
|a 1 online resource (xiv, 175 pages) :
|b color illustrations
|
| 336 |
|
|
|a text
|b txt
|2 rdacontent
|
| 337 |
|
|
|a computer
|b c
|2 rdamedia
|
| 338 |
|
|
|a online resource
|b cr
|2 rdacarrier
|
| 490 |
1 |
|
|a Reference shelf ;
|v volume 91, number 2
|
| 500 |
|
|
|a H.W. Wilson.
|
| 521 |
2 |
|
|a 10-A.
|
| 520 |
|
|
|a Explores the relationship between education and jobs, technological displacement of workers, downward mobility among certain groups, labor mobility and home ownership as indicators of the health of the idea of the American Dream.
|
| 504 |
|
|
|a Includes bibliographical references and index.
|
| 505 |
2 |
|
|a Preface -- The Housing Crisis -- How Did We Get Here? -- 151 Years of America's Housing History -- A Brief Historical Overview of Affordable Rental Housing -- The Causes and Costs of the Worst Crisis Since the Great Depression -- The Forgotten History of the Financial Crisis -- The Deep, Uniquely American Roots of Our Affordable-Housing Crisis -- Affordable Housing Today -- A Growing Housing Shortage -- As Affordable Housing Crisis Grows, HUD Sits on the Sidelines -- Closed Wait Lists and Long Waits Await Those Seeking Affordable Housing -- U.S. Housing Market Continues Rebound, Despite Increased Inequality, Says Harvard Report -- 10 Years After Housing Crisis: A Realtor, A Renter, Starting Over, Staying Put -- Will the Housing Bubble Cause Another Financial Crisis? -- Exploring the Affordable Housing Debate -- History of Policy Approaches -- Housing in the US Is Too Expensive, Too Cheap, and Just Right: It Depends on Where you Live -- We Don't Need More Housing Projects -- The Affordable Housing Crisis -- Why Are We Relying on Tech Overlords Like Microsoft for Affordable Housing? -- Everything You Wanted to Know about the Affordable Housing Debate -- It Can Cost $750,000 to Build an Affordable Housing Unit in California: Here's Why -- President Trump Calls for Drastic Cuts to Affordable Housing -- Housing and Welfare -- Homelessness, Racial Disparity, and Long Commutes -- The Homeless Crisis Is Getting Worse in America's Richest Cities -- Segregation's Legacy -- The One Area Where Racial Disparities in Housing Have Disappeared -- High Housing Costs and Long Commutes Drive More Workers to Sleep in Cars.
|
| 505 |
2 |
|
|a Her Six-Hour Commute Each Day Seems Crazy, but Her Affordable Rent Is Not -- Possible Solutions -- Solving the Problem -- Private-Sector Solution to Affordable Housing Gets Off the Ground -- Microsoft's $500 Million Plan to Fix Seattle's Housing Problem, Explained -- Tiny Houses: Salvation for the Homeless or a Dead End? -- Nine Rules for Better Housing Policy -- Why Don't Homeless People Just Get Jobs? -- Elizabeth Warren's New Housing Proposal Is Actually a Brilliant Plan to Close the Racial Wealth Gap -- Bibliography -- Websites -- Index.
|
| 650 |
|
0 |
|a Housing
|z United States
|x Costs
|v Sources.
|
| 650 |
|
0 |
|a Public housing
|z United States
|v Sources.
|
| 650 |
|
0 |
|a Residential real estate
|z United States
|v Sources.
|
| 650 |
|
0 |
|a Home ownership
|z United States
|v Sources.
|
| 650 |
|
0 |
|a Mortgages
|z United States
|v Sources.
|
| 650 |
|
7 |
|a Housing
|z United States
|x Costs
|v Sources.
|2 sears
|
| 650 |
|
7 |
|a Public housing
|z United States
|v Sources.
|2 sears
|
| 650 |
|
7 |
|a Real estate
|z United States
|v Sources.
|2 sears
|
| 650 |
|
7 |
|a Houses
|x Buying and selling
|z United States
|v Sources.
|2 sears
|
| 650 |
|
7 |
|a Mortgages
|z United States
|v Sources.
|2 sears
|
| 655 |
|
7 |
|a Electronic books.
|2 local
|
| 830 |
|
0 |
|a Reference shelf ;
|v volume 91, number 2.
|0 http://id.loc.gov/authorities/names/n42021198
|
| 856 |
4 |
0 |
|u http://proxy.library.tamu.edu/login?url=http://online.salempress.com/doi/book/10.3331/RSAHousing
|z Connect to the full text of this electronic book
|t 0
|
| 999 |
f |
f |
|s db785e08-06a4-3013-8416-2313543f4f7d
|i 5a36e082-9fe4-3988-9add-164514a25cf2
|t 0
|
| 952 |
f |
f |
|a Texas A&M University
|b College Station
|c Electronic Resources
|d Available Online
|t 0
|h No information provided
|
| 998 |
f |
f |
|t 0
|l Available Online
|